Apple A-Z Quiz - Statistics

General Stats
  • This quiz has been taken 34 times
  • The average score is 13 of 26
Answer Stats
Letter Hint Answer % Correct
C Alcoholic beverage made with fermented apples Cider
91%
E Woman who eats the forbidden fruit Eve
84%
J Popular drink made with apples Juice
78%
K Country where wild apples originated Kazakhstan
75%
O Where apples grow Orchard
75%
P What bees are used for in Apple industry Pollination
72%
Z Trace element found in apples, in very small quantities Zinc
69%
W Natural substance on apple skins to protect them from fungal infections, can be shiny Wax
66%
A Small insects which commonly attack apples Aphids
63%
S Route by which apples first reached Europe Silk Road
63%
F Cultivar developed in Fujisaki, Aomori, Japan, in the late 1930s Fuji
59%
L These are dark green-colored simple ovals with serrated margins and slightly downy undersides Leaves
59%
V Sour culinary liquid that can be made from C Vinegar
59%
B General botanical name for the flowers that bloom in the spring Blossom
56%
M Cultivar, sounds like another word for raincoat McIntosh
50%
Q Related plant with much harder fruit Quince
47%
Y Lop-sided cultivar used for cooking, shares name with English city York
44%
R The family apples are in (a flower) Rose
38%
U Where pioneer nurseryman Johnny Appleseed lived United States
34%
G Technique used to propagate the best cultivars Grafting
31%
X Cells in the wood of apple trees that transport water from the roots to the stems Xylem
31%
H Cultivar with name related to apiculture Honeycrisp
22%
D Apples grown for eating raw Dessert apples
16%
T Mountains where apples were first cultivated Tian Shan
9%
N Vegetable oil used as a pesticide used in organic farming Neem oil
6%
I Red cultivar from Moscow, Idaho Idared
3%
No matching quizzes found
Score Distribution
Percent of People with Each Score
Percentile by Number Answered
Your Score History
You have not taken this quiz